00658nab a2200193uuc450000100070000000500170000700800410002403500110006503500210007604000130009704100080011010000350011824501090015326000100026265000220027265000290029470000340032377301070035799144520240201204501.0060904e20050810 spa  a991445 a(OCoLC)820362049 ccomduadb aspa10aVillena, Mauricio G.4auteaut13aLa teoria de juegos evolutivos (TJE) y la economia evolutiva de Thorstein Veblen : es vebleniana la TJE? c2005. aVeblen, Thorstein aEconomía institucional10aVillena, Marcelo J.4auteaut0 tCuadernos de Economía (Bogotá)gVol. 24 No. 42, Ene.-Jun. 2005, p. 13-48w96869x0121-4772091869